000 00594cam a2200205ua 4500
001 11122
008 190810n ii |||gr||||Z||||||asm
020 _a9789381710197
040 _cMAIN
041 _aasm
082 _a391.0095416
245 _aUttar purbanchalar janagosthiya sajpar aru aa alankar
_cEdited by Ajanta Rajkhowa
250 _a1st ed.
260 _aGuwahati:
_bBanphool prakashan,
_c2013.
300 _a344+16p.
653 _aCostume & personal appearance
653 _aCostume and jewellery of the tribes of North East
700 _aAjanta Rajkhowa,
_eEditor.
942 _cBK
999 _c9985
_d9985